Ag Scrabble Words 8 and Under - Statistics

General Stats
  • This quiz has been taken 57 times
  • The average score is 32 of 142
Answer Stats
Answer % Correct
Ag
100%
Age
97%
Aga
94%
Agha
94%
Again
91%
Agin
88%
Ago
84%
Against
81%
Aghast
75%
Agent
69%
Agree
69%
Agar
66%
Agate
66%
Ager
66%
Agile
66%
Agon
66%
Agape
59%
Agave
59%
Aging
59%
Aglow
59%
Agro
59%
Agony
56%
Agency
53%
Agora
53%
Agility
47%
Agita
47%
Agitate
47%
Aglet
44%
Agonise
44%
Agonize
44%
Agnostic
41%
Agone
41%
Agee
38%
Agenda
38%
Aggress
38%
Aggro
34%
Agist
34%
Agog
34%
Agama
31%
Ageless
31%
Aggie
31%
Agria
31%
Aground
31%
Ague
31%
Agaze
28%
Agger
25%
Aggrieve
25%
Agitato
25%
Agitator
25%
Agene
22%
Agly
22%
Agma
22%
Agonist
22%
Agrarian
22%
Ageist
19%
Agio
19%
Aglu
19%
Agism
16%
Agleam
16%
Aglee
16%
Agouti
16%
Agronomy
16%
Ageism
13%
Agender
13%
Agonal
13%
Agonic
13%
Agonism
13%
Agaric
9%
Agedly
9%
Agendum
9%
Aglare
9%
Agley
9%
Aglitter
9%
Agnate
9%
Agrology
9%
Agalloch
6%
Agamic
6%
Agamid
6%
Agarose
6%
Agenesis
6%
Ageratum
6%
Aggrade
6%
Aginner
6%
Agnatic
6%
Agalwood
3%
Agamete
3%
Agamous
3%
Agapae
3%
Agapai
3%
Agapeic
3%
Agarwood
3%
Agatize
3%
Agelong
3%
Agemate
3%
Agenetic
3%
Agenize
3%
Agential
3%
Agenting
3%
Agentive
3%
Agentry
3%
Aggada
3%
Aggadah
3%
Aggadic
3%
Aggadot
3%
Aggadoth
3%
Agilely
3%
Agitable
3%
Aglimmer
3%
Agloo
3%
Aglycon
3%
Aglycone
3%
Agminate
3%
Agnail
3%
Agnation
3%
Agnize
3%
Agnomen
3%
Agnomina
3%
Agnosia
3%
Agorot
3%
Agoroth
3%
Agouty
3%
Agraphia
3%
Agravic
3%
Agrestal
3%
Agrestic
3%
Agrimony
3%
Agrypnia
3%
Aguacate
3%
Aguelike
3%
Agueweed
3%
Aguish
3%
Aguishly
3%
Agyria
3%
Agatoid
0%
Agedness
0%
Agenesia
0%
Agiotage
0%
Agitprop
0%
Agnathan
0%
Agrafe
0%
Agraffe
0%
Agrapha
0%
No matching quizzes found
Score Distribution
Percent of People with Each Score
Percentile by Number Answered
Your Score History
You have not taken this quiz